| 000 | 00415cam a22001337a 4500 | ||
|---|---|---|---|
| 082 |
_a624.1762 _bWRE _cL-15, P-74 |
||
| 100 |
_aCameron, c.m. _942998 |
||
| 245 | 0 | 0 |
_aAbstract journal in Earthquake engineering _bC.m. cameron |
| 260 |
_aNational information service _bJ. zerneke, misee _cc1993. |
||
| 300 |
_axii, 327 p. _c30 cm. |
||
| 526 |
_a0 _b0 _c0 _d624_176200000000000_WRE |
||
| 650 |
_aMCE _9379 |
||
| 942 |
_2ddc _cBK |
||
| 999 |
_c546807 _d546807 |
||